|
|
|
|
| LEADER |
00000nab a2200000uu 4500 |
| 001 |
vtls010886185 |
| 003 |
SK-MaSNL |
| 005 |
20260304014945.0 |
| 008 |
230222|1962 xo |||||||||||||||||slo| |
| 015 |
|
|
|a SNBRB
|
| 035 |
|
|
|a (urnnbn)urn:nbn:sk:snk:ar-002eys
|
| 035 |
|
|
|a (uuid)73987b78-2e4a-4eaa-8683-3f7a2474297e
|
| 035 |
|
|
|a urn:nbn:sk:snk-ab8h2t
|
| 040 |
|
|
|a SNKBUCL
|b slo
|c SNKBUCL
|e AACR2
|
| 041 |
0 |
|
|a slo
|
| 044 |
|
|
|a xo
|c SK
|
| 100 |
1 |
|
|a Čížik, Vladimír,
|d 1932-2017
|4 aut
|9 105074
|
| 245 |
1 |
0 |
|a CHVÁLYHODNÝ DRAMATURGICKÝ ČlN
|c Vlado Čížik
|
| 773 |
0 |
|
|t Slovenská hudba : revue pre hudobnú kultúru
|g Roč. 6, č. 10 (1962), s. 317-318
|
| 954 |
|
|
|a odborná, vedecká literatúra pôvodná (slovenská)
|2 lita
|
| 958 |
|
|
|a OND
|
| 958 |
|
|
|a EUIPO
|
| 958 |
|
|
|a article10
|
| 999 |
|
|
|c 2588721
|d 2590651
|